| 000 | 00623nam a2200205 a 4500 | ||
|---|---|---|---|
| 999 |
_c3614 _d3614 |
||
| 001 | 3614 | ||
| 003 | BD-JhCC | ||
| 005 | 20171115170633.0 | ||
| 008 | 171115s1963 bg a|||| |||| 000 0 ben d | ||
| 035 | _a(BD-JhCC) | ||
| 040 |
_aBD-JhCC _dBD-JhCC |
||
| 041 | _aben | ||
| 082 |
_a923.1 _bMIA 1963 |
||
| 100 | _aমিয়া, বন্দে আলী | ||
| 245 |
_aমাইকেল মধুসূদন / _cবন্দে আলী মিয়া |
||
| 260 |
_aঢাকা : _bআহমদ পাবলিশিং হাউস, _c১৯৬৩ |
||
| 300 |
_a38 p. ; _c14 cm |
||
| 650 | _aBiography | ||
| 942 |
_2ddc _cBK |
||